Detalles MARC
| 000 -CABECERA |
| campo de control de longitud fija |
02194nam a2200337 i 4500 |
| 003 - IDENTIFICADOR DEL NÚMERO DE CONTROL |
| campo de control |
DO-SdBNP |
| 005 - FECHA Y HORA DE LA ÚLTIMA TRANSACCIÓN |
| campo de control |
20250728111230.0 |
| 006 - CÓDIGOS DE INFORMACIÓN DE LONGITUD FIJA--CARACTERÍSTICAS DEL MATERIAL ADICIONAL |
| campo de control de longitud fija |
a||||gr|||| 00| 0 |
| 007 - CAMPO FIJO DE DESCRIPCIÓN FÍSICA--INFORMACIÓN GENERAL |
| campo de control de longitud fija |
ta |
| 008 - DATOS DE LONGITUD FIJA--INFORMACIÓN GENERAL |
| campo de control de longitud fija |
250728e2016 dr ||||| |||| 00| 0 spa d |
| 020 ## - NÚMERO INTERNACIONAL ESTÁNDAR DEL LIBRO |
| Número Internacional Estándar del Libro |
9789945591507 |
| 040 ## - FUENTE DE LA CATALOGACIÓN |
| Centro catalogador/agencia de origen |
DO-SdBNP |
| Lengua de catalogación |
spa |
| Centro/agencia transcriptor |
BNPHU |
| Normas de descripción |
rda |
| 041 ## - CÓDIGO DE LENGUA |
| Código de lengua del texto/banda sonora o título independiente |
sp |
| 082 #4 - NÚMERO DE LA CLASIFICACIÓN DECIMAL DEWEY |
| Número de clasificación |
353.95 |
| Número de documento/Ítem |
R426e |
| Número de edición |
22 |
| 110 ## - ENTRADA PRINCIPAL--NOMBRE DE ENTIDAD CORPORATIVA |
| Nombre de entidad corporativa o nombre de jurisdicción como elemento de entrada |
República Dominicana. |
| Unidad subordinada |
Ministerio de Salud Pública |
| 9 (RLIN) |
58697 |
| 245 00 - MENCIÓN DE TÍTULO |
| Título |
Estrategia nacional de comunicación de riesgos para emergencias sanitarias y desastres en la República Dominicana |
| 264 ## - PRODUCCIÓN, PUBLICACIÓN, DISTRIBUCIÓN, FABRICACIÓN Y COPYRIGHT |
| Producción, publicación, distribución, fabricación y copyright |
Santo Domingo : |
| Nombre del de productor, editor, distribuidor, fabricante |
Ministerio de Salud Pública, |
| Fecha de producción, publicación, distribución, fabricación o copyright |
2016 |
| 300 ## - DESCRIPCIÓN FÍSICA |
| Extensión |
104 páginas ; |
| Dimensiones |
28 cm. |
| 336 ## - TIPO DE CONTENIDO |
| Fuente |
rdacontent |
| Término de tipo de contenido |
texto |
| Código de tipo de contenido |
txt |
| 337 ## - TIPO DE MEDIO |
| Fuente |
rdamedia |
| Nombre/término del tipo de medio |
sin mediación |
| Código del tipo de medio |
n |
| 338 ## - TIPO DE SOPORTE |
| Fuente |
rdacarrier |
| Nombre/término del tipo de soporte |
volumen |
| Código del tipo de soporte |
nc |
| 505 ## - NOTA DE CONTENIDO CON FORMATO |
| Nota de contenido con formato |
Introducción 9 -- Resolución No. 16-2016 16 -- Antecedentes 19 -- Marco Normativo y Estructura 21 -- Mapa de Riesgos de Emergencias Sanitarias y Desastres en la República Dominicana 25 -- La Estrategia de Comunicación de Riesgos 26 -- Objetivos 27 -- El Equipo de Comunicación de Riesgos 28 -- Funciones del Comité Multisectorial de Comunicación de Riesgos 30 -- La Gestión de la Comunicación 32 -- La vocería oficial 32 -- Protocolo de liberación de la información 32 -- La elaboración de la guía de mensajes claves para voceros 33 -- La elaboración de materiales de comunicación y educación 35 -- La vigilancia de la comunicación 36 -- La relación con los medios de comunicación y las redes sociales 37 -- Abordaje de movilización social y comunitaria 39 -- Etapas de la Estrategia de Comunicación de Riesgos y Lista de Verificación de Actividades de la Comunicación 40 -- Etapa de preparación 40 -- Inicio de la emergencia 41 -- Etapa de control 42 -- Etapa de recuperación 43 |
| 590 ## - NOTA LOCAL (RLIN) |
| Nota local |
Inventariado 2025/DG |
| 650 #4 - PUNTO DE ACCESO ADICIONAL DE MATERIA--TÉRMINO DE MATERIA |
| Término de materia o nombre geográfico como elemento de entrada |
Evaluación de riesgos |
| Subdivisión geográfica |
República Dominicana |
| 9 (RLIN) |
88443 |
| 650 #4 - PUNTO DE ACCESO ADICIONAL DE MATERIA--TÉRMINO DE MATERIA |
| Término de materia o nombre geográfico como elemento de entrada |
Sistemas de prevención de desastres |
| Subdivisión geográfica |
República Dominicana |
| 9 (RLIN) |
88444 |
| 650 #4 - PUNTO DE ACCESO ADICIONAL DE MATERIA--TÉRMINO DE MATERIA |
| Término de materia o nombre geográfico como elemento de entrada |
Planificación en desastres |
| Subdivisión geográfica |
República Dominicana |
| 9 (RLIN) |
88445 |
| 651 #4 - PUNTO DE ACCESO ADICIONAL DE MATERIA--NOMBRE GEOGRÁFICO |
| 9 (RLIN) |
281 |
| 710 1# - PUNTO DE ACCESO ADICIONAL--NOMBRE DE ENTIDAD CORPORATIVA |
| Nombre de entidad corporativa o nombre de jurisdicción como elemento de entrada |
República Dominicana. |
| Unidad subordinada |
Ministerio de Salud Publica |
| 9 (RLIN) |
58697 |
| 910 ## - DATOS DE OPCIÓN DEL USUARIO (OCLC) |
| Datos de opción del usuario |
DG |
| 942 ## - ELEMENTOS DE PUNTO DE ACCESO ADICIONAL (KOHA) |
| Fuente del sistema de clasificación o colocación |
Dewey Decimal Classification |
| Tipo de ítem Koha |
Libro |